Statistics for All time Milwaukee Bucks team

Click here to take the quiz!

General Stats

  • This quiz has been taken 238 times
  • The average score is 5 of 19

Answer Stats

Position and NumberAnswer% Correct
C #33Kareem Abdul Jabbar
91%
Pg #1Oscar Robertson
79%
Sg #34Ray Allen
67%
Sg #4Sidney Moncrief
59%
Sg #22Michael Redd
33%
Sf #10Bob Dandridge
27%
Sf #13Glenn Robinson
26%
Pf #34Terry Cummings
19%
Pf #42Vin Baker
19%
C #6Andrew Bogut
18%
Sf #8Marques Johnson
17%
Pg #10Sam Cassell
15%
Sg #32Brian Winters
14%
Sf #25Paul Pressey
12%
Sg #14Jon Mcglocklin
10%
Sf #2Junior Bridgeman
10%
Sg #22Ricky Pierce
8%
C #53Alton Lister
6%
Sf #5Tim Thomas
2%

Score Distribution

Percentile by Number Answered

Percent of People with Each Score

Your Score History

You have not taken this quiz